[Event "POL-chT 2 Liga 2019"]
[Site "Poronin"]
[Date "2019.09.10"]
[Round "4.24"]
[White "Szelag, Zuzanna"]
[Black "Suchanek, Paulina"]
[Result "1-0"]
[WhiteElo "1824"]
[BlackElo "1574"]
[Annotator "NA"]
[PlyCount "95"]
[EventDate "2019.09.07"]
[EventType "team-tourn"]
[EventCountry "POL"]
[SourceTitle "playchess.com"]
[Source "ChessBase"]
[SourceQuality "1"]
[TimeControl "40/5400+30:1800+30"]

1. e4 {[%emt 0:00:00]} e6 {[%emt 0:00:00]} 2. d4 {[%emt 0:00:00]} d5 {[%emt 0:00:00]} 3. Nd2 {[%emt 0:00:00]} dxe4 {[%emt 0:00:00]} 4. Nxe4 {[%emt 0:00:00]} Nd7 {[%emt 0:00:11]} 5. Bd3 {[%emt 0:00:00]} Ngf6 {[%emt 0:01:57]} 6. Qe2 {[%emt 0:00:00]} Be7 {[%emt 0:03:39]} 7. Nf3 {[%emt 0:00:06]} O-O {[%emt 0:03:48]} 8. Bg5 {[%emt 0:00:53]} h6 {[%emt 0:05:36]} 9. Bh4 {[%emt 0:04:04]} Nxe4 {[%emt 0:01:47]} 10. Qxe4 {[%emt 0:01:42]} g6 {[%emt 0:00:14]} 11. Bg3 {[%emt 0:03:02]} Kg7 {[%emt 0:05:49]} 12. h4 {[%emt 0:09:53]} Nf6 {[%emt 0:05:54]} 13. Be5 {[%emt 0:04:20]} Bd6 {[%emt 0:10:44]} 14. Qf4 {[%emt 0:09:56]} Bxe5 {[%emt 0:11:45]} 15. dxe5 {[%emt 0:01:57]} Nd5 {[%emt 0:01:14]} 16. Qe4 {[%emt 0:04:30]} Qe7 {[%emt 0:06:21]} 17. a3 {[%emt 0:07:56]} Rh8 {[%emt 0:05:13]} 18. Nd4 {[%emt 0:12:43]} a6 {[%emt 0:06:45]} 19. c4 {[%emt 0:10:44]} Nb6 {[%emt 0:01:03]} 20. Kf1 {[%emt 0:00:45]} Nd7 {[%emt 0:08:00]} 21. Nb3 {[%emt 0:03:11]} a5 {[%emt 0:01:48]} 22. a4 {[%emt 0:02:25]} Nc5 {[%emt 0:04:23]} 23. Nxc5 {[%emt 0:00:07]} Qxc5 24. Rh3 {[%emt 0:02:32]} Kf8 {[%emt 0:06:41]} 25. Rf3 {[%emt 0:03:49]} Ke8 {[%emt 0:01:27]} 26. Qf4 {[%emt 0:02:43]} Qe7 {[%emt 0:00:15]} 27. Qg4 {[%emt 0:01:43]} h5 {[%emt 0:02:20]} 28. Qg3 {[%emt 0:02:10]} Rg8 {[%emt 0:01:23]} 29. Rd1 {[%emt 0:01:57]} Bd7 {[%emt 0:00:28]} 30. Bc2 {[%emt 0:00:58]} Bc6 {[%emt 0:01:04]} 31. Rfd3 {[%emt 0:00:41]} Qc5 {[%emt 0:04:07]} 32. Qf4 {[%emt 0:01:23]} Qe7 {[%emt 0:00:54]} 33. Rd4 {[%emt 0:00:46]} g5 {[%emt 0:00:35]} 34. Qe3 {[%emt 0:01:46]} gxh4 {[%emt 0:00:17]} 35. Be4 {[%emt 0:00:10]} Bxe4 {[%emt 0:00:14]} 36. Qxe4 {[%emt 0:00:33]} c6 {[%emt 0:00:59]} 37. Rd7 {[%emt 0:02:23]} Qg5 {[%emt 0:00:42]} 38. Rxb7 {[%emt 0:03:19]} Rc8 {[%emt 0:00:17]} 39. Qf3 {[%emt 0:01:16]} Qf5 {[%emt 0:00:35]} 40. Qxf5 {[%emt 0:00:00]} exf5 {[%emt 0:00:00]} 41. Rdd7 {[%emt 0:04:05]} Rg4 {[%emt 0:26:33]} 42. Rxf7 {[%emt 0:02:33]} Rb8 {[%emt 0:00:28]} 43. Ra7 {[%emt 0:05:45]} Rxb2 {[%emt 0:00:30]} 44. Rh7 {[%emt 0:02:39]} Rb1+ {[%emt 0:01:48]} 45. Ke2 {[%emt 0:00:05]} Re4+ {[%emt 0:04:00]} 46. Kd2 {[%emt 0:00:44]} Rd4+ 47. Kc3 {[%emt 0:00:30]} Rbd1 {[%emt 0:01:07]} 48. Rh8# 1-0

[Event "POL-chT 2 Liga 2019"]
[Site "Poronin"]
[Date "2019.09.10"]
[Round "4.25"]
[White "Miroslaw, Michal"]
[Black "Tazbir, Marcin"]
[Result "0-1"]
[WhiteElo "2284"]
[BlackElo "2521"]
[Annotator "TA"]
[PlyCount "86"]
[EventDate "2019.09.07"]
[EventType "team-tourn"]
[EventCountry "POL"]
[SourceTitle "playchess.com"]
[Source "ChessBase"]
[SourceQuality "1"]

{[%evp 18,86,37,0,6,-13,35,31,37,50,46,43,64,31,43,-8,0,0,1,0,0,-10,0,0,0,-29,-24,-22,-21,-24,-6,-13,-19,-6,-2,-6,0,0,0,0,0,0,4,4,4,4,4,0,0,0,4,-10,-10,-12,-12,-10,-10,-10,-10,-5,-9,-8,-7,-59,-73,-115,-116,-272,-272,-1280,-1396]} 1. e4 c5 2. Nf3 Nc6 3. d4 cxd4 4. Nxd4 Nf6 5. Nc3 d6 6. Nb3 g6 7. Be2 Bg7 8. Be3 O-O 9. O-O a5 10. a3 a4 {B74: Sicilian Dragon: Classical System with 9 Nb3} (10... Ne5 11. f3 Be6 12. Nd4 Bc4 13. b3 Bxe2 14. Ndxe2 Rc8 15. Qd2 Qd7 16. a4 Nc6 17. Rac1 Qd8 18. Rfd1 {0-1 (30) Khamrakulov,D (2554)-Durarbayli,V (2413) Gaziantep 2008}) 11. Nd4 Nxd4 12. Bxd4 e5 $146 {White is slightly better.} ({Predecessor:} 12... Bd7 13. Qd3 Bc6 14. Rad1 Qa5 15. Bf3 Rfc8 16. Rfe1 Nd7 17. Bg4 Rd8 18. Bxg7 Kxg7 19. Bxd7 Rxd7 {0-1 (30) Justin,M (2306)-Supancic,D (2342) Slovenia 2013}) 13. Be3 Be6 14. Bg5 Qb6 15. Bxf6 Bxf6 16. Qd3 (16. Bb5 $14) 16... Rfc8 17. Rab1 Ra5 18. Rfd1 Bh4 19. g3 Be7 20. Kg2 Qc6 21. Rd2 Rf8 22. Nd5 Bxd5 23. exd5 Qd7 24. b4 axb3 25. Qxb3 Rc5 26. c4 Bg5 27. Rdb2 Rc7 28. Qd1 Ra8 29. Rb3 Ra7 30. h4 Bd8 31. h5 Rc5 32. hxg6 hxg6 33. Qd3 Bg5 34. Rb5 (34. Rh1 {feels hotter.} Rca5 35. Qf3 Ra8 36. g4 Qe7 37. Qh3) 34... Rxb5 35. Rxb5 Qc7 36. Qb3 Bd8 37. Qe3 b6 38. Rb1 $36 {[%mdl 2048] White has the initiative.} Qe7 39. Rh1 Qf6 40. f4 (40. Qb3 $11) 40... Be7 $15 41. Qxb6 Rxa3 42. Qb8+ $2 (42. Qf2 $17) 42... Bf8 $19 43. Qb2 $2 {[#]} (43. Qc8) 43... Rxg3+ $1 {[%mdl 512] Accuracy: White = 48%, Black = 79%.} 0-1

[Event "POL-chT 2 Liga 2019"]
[Site "Poronin"]
[Date "2019.09.10"]
[Round "4.26"]
[White "Stachowiak, Kamil"]
[Black "Pyda, Zbigniew"]
[Result "1-0"]
[WhiteElo "2444"]
[BlackElo "2322"]
[Annotator "NA"]
[PlyCount "81"]
[EventDate "2019.09.07"]
[EventType "team-tourn"]
[EventCountry "POL"]
[SourceTitle "playchess.com"]
[Source "ChessBase"]
[SourceQuality "1"]
[TimeControl "40/5400+30:1800+30"]

1. d4 {[%emt 0:00:00]} d5 {[%emt 0:00:00]} 2. c4 {[%emt 0:00:00]} e6 {[%emt 0:00:00]} 3. Nc3 {[%emt 0:00:04]} Be7 {[%emt 0:00:01]} 4. cxd5 {[%emt 0:01:05]} exd5 {[%emt 0:00:09]} 5. Bf4 {[%emt 0:00:12]} c6 {[%emt 0:00:44]} 6. e3 {[%emt 0:00:18]} Bf5 {[%emt 0:01:03]} 7. g4 {[%emt 0:01:17]} Bg6 {[%emt 0:01:17]} 8. h4 {[%emt 0:00:52]} h5 {[%emt 0:00:39]} 9. g5 {[%emt 0:00:12]} Bd6 {[%emt 0:07:01]} 10. Nge2 {[%emt 0:10:27]} Ne7 {[%emt 0:03:51]} 11. Qb3 {[%emt 0:10:57]} b6 {[%emt 0:15:45]} 12. Bxd6 {[%emt 0:04:09]} Qxd6 {[%emt 0:00:40]} 13. Nf4 {[%emt 0:00:10]} Bf5 {[%emt 0:04:07]} 14. Bd3 {[%emt 0:00:22]} Nd7 {[%emt 0:01:51]} 15. O-O-O {[%emt 0:02:41]} g6 {[%emt 0:08:52]} 16. Kb1 {[%emt 0:10:04]} O-O {[%emt 0:01:01]} 17. Bxf5 {[%emt 0:09:39]} Nxf5 {[%emt 0:00:13]} 18. Qc2 {[%emt 0:00:10]} Ne7 {[%emt 0:04:23]} 19. Qd2 {[%emt 0:03:34]} b5 {[%emt 0:04:48]} 20. f3 {[%emt 0:11:22]} Nb6 {[%emt 0:05:38]} 21. e4 {[%emt 0:03:44]} Nc4 {[%emt 0:05:44]} 22. Qc1 {[%emt 0:00:07]} Rab8 {[%emt 0:02:59]} 23. Nd3 {[%emt 0:05:56]} b4 {[%emt 0:04:08]} 24. Na4 {[%emt 0:01:06]} b3 {[%emt 0:00:25]} 25. a3 {[%emt 0:01:28]} Rfd8 {[%emt 0:09:58]} 26. Nac5 {[%emt 0:03:08]} Qg3 {[%emt 0:08:16]} 27. Qf4 {[%emt 0:05:03]} Qxf4 {[%emt 0:00:44]} 28. Nxf4 {[%emt 0:00:06]} dxe4 {[%emt 0:01:24]} 29. fxe4 {[%emt 0:00:55]} Rd6 {[%emt 0:06:15]} 30. Rd3 {[%emt 0:08:01]} Na5 {[%emt 0:00:20]} 31. Rhd1 {[%emt 0:02:08]} Rb5 {[%emt 0:01:13]} 32. Rc1 {[%emt 0:05:58]} Rd8 {[%emt 0:01:29]} 33. d5 {[%emt 0:00:41]} cxd5 {[%emt 0:00:21]} 34. Nxd5 {[%emt 0:00:32]} Nxd5 {[%emt 0:00:33]} 35. Rxd5 {[%emt 0:00:11]} Rxd5 {[%emt 0:00:57]} 36. exd5 {[%emt 0:00:01]} Nb7 {[%emt 0:00:09]} 37. Ne4 {[%emt 0:00:04]} Kg7 {[%emt 0:00:57]} 38. Nf6 {[%emt 0:01:04]} Nd6 {[%emt 0:00:32]} 39. Rc6 {[%emt 0:01:06]} Rb6 {[%emt 0:00:26]} 40. Rxd6 {[%emt 0:00:00]} Rb5 41. Rc6 1-0

[Event "POL-chT 2 Liga 2019"]
[Site "Poronin"]
[Date "2019.09.10"]
[Round "4.27"]
[White "Polkowski, Piotr"]
[Black "Piotrowski, Przemyslaw"]
[Result "0-1"]
[WhiteElo "2109"]
[BlackElo "2293"]
[Annotator "NA"]
[PlyCount "72"]
[EventDate "2019.09.07"]
[EventType "team-tourn"]
[EventCountry "POL"]
[SourceTitle "playchess.com"]
[Source "ChessBase"]
[SourceQuality "1"]
[TimeControl "40/5400+30:1800+30"]

1. e4 {[%emt 0:00:00]} c5 {[%emt 0:00:20]} 2. Nc3 {[%emt 0:00:35]} Nc6 {[%emt 0:00:37]} 3. Bb5 {[%emt 0:01:32]} e5 {[%emt 0:01:17]} 4. d3 {[%emt 0:01:44]} g6 {[%emt 0:02:42]} 5. Nf3 {[%emt 0:10:18]} Bg7 {[%emt 0:02:11]} 6. h3 {[%emt 0:03:07]} Nge7 {[%emt 0:02:46]} 7. O-O {[%emt 0:00:28]} d6 {[%emt 0:00:42]} 8. Bc4 {[%emt 0:14:52]} O-O {[%emt 0:09:34]} 9. a4 {[%emt 0:00:02]} h6 {[%emt 0:02:10]} 10. Nh2 {[%emt 0:17:25]} Kh7 {[%emt 0:05:12]} 11. f4 {[%emt 0:01:35]} f5 {[%emt 0:00:16]} 12. fxe5 {[%emt 0:02:42]} Nxe5 {[%emt 0:02:27]} 13. Ba2 {[%emt 0:01:30]} Bd7 {[%emt 0:23:10]} 14. Be3 {[%emt 0:17:44]} Bc6 {[%emt 0:14:27]} 15. Qd2 {[%emt 0:00:48]} b6 {[%emt 0:03:03]} 16. Bb3 {[%emt 0:05:06]} d5 {[%emt 0:02:44]} 17. exd5 {[%emt 0:01:38]} Nxd5 {[%emt 0:00:16]} 18. Nxd5 {[%emt 0:00:15]} Bxd5 {[%emt 0:00:05]} 19. Bxd5 {[%emt 0:00:46]} Qxd5 {[%emt 0:00:06]} 20. b3 {[%emt 0:02:46]} g5 {[%emt 0:03:56]} 21. Kh1 {[%emt 0:02:08]} f4 {[%emt 0:00:19]} 22. Bg1 {[%emt 0:00:11]} Ng6 {[%emt 0:02:00]} 23. Rae1 {[%emt 0:00:20]} Nh4 {[%emt 0:00:15]} 24. Nf3 {[%emt 0:04:26]} Nf5 {[%emt 0:00:08]} 25. Bf2 {[%emt 0:00:15]} Bd4 {[%emt 0:06:15]} 26. c4 {[%emt 0:03:02]} Qd6 {[%emt 0:02:04]} 27. Nxd4 {[%emt 0:01:18]} cxd4 {[%emt 0:00:05]} 28. Qb2 {[%emt 0:01:39]} Ne3 {[%emt 0:05:18]} 29. Bxe3 {[%emt 0:00:18]} fxe3 {[%emt 0:00:04]} 30. Qe2 {[%emt 0:00:39]} Qg3 {[%emt 0:03:02]} 31. Kg1 {[%emt 0:01:17]} a5 {[%emt 0:03:15]} 32. Rxf8 {[%emt 0:00:52]} Rxf8 {[%emt 0:00:06]} 33. Rf1 {[%emt 0:00:01]} Kg7 {[%emt 0:02:26]} 34. Rxf8 {[%emt 0:00:45]} Kxf8 {[%emt 0:00:02]} 35. Qc2 {[%emt 0:03:01]} Qe1+ {[%emt 0:00:21]} 36. Kh2 {[%emt 0:00:00]} Qf2 {[%emt 0:00:06]} 0-1

[Event "POL-chT 2 Liga 2019"]
[Site "Poronin"]
[Date "2019.09.10"]
[Round "4.28"]
[White "Fudalej, Michal"]
[Black "Fraczek, Dariusz"]
[Result "1-0"]
[WhiteElo "2235"]
[BlackElo "2033"]
[Annotator "NA"]
[PlyCount "77"]
[EventDate "2019.09.07"]
[EventType "team-tourn"]
[EventCountry "POL"]
[SourceTitle "playchess.com"]
[Source "ChessBase"]
[SourceQuality "1"]
[TimeControl "40/5400+30:1800+30"]

1. e4 {[%emt 0:00:00]} e6 {[%emt 0:00:00]} 2. d3 {[%emt 0:00:02]} d5 {[%emt 0:00:15]} 3. Qe2 {[%emt 0:00:06]} Be7 {[%emt 0:02:57]} 4. Nf3 {[%emt 0:00:38]} Nf6 {[%emt 0:00:21]} 5. g3 {[%emt 0:00:45]} O-O {[%emt 0:03:14]} 6. Bg2 {[%emt 0:01:05]} c5 {[%emt 0:01:48]} 7. O-O {[%emt 0:01:24]} Nc6 {[%emt 0:00:30]} 8. e5 {[%emt 0:00:25]} Nd7 {[%emt 0:00:22]} 9. c4 {[%emt 0:00:46]} d4 {[%emt 0:11:11]} 10. h4 {[%emt 0:01:18]} Rb8 {[%emt 0:00:34]} 11. Bf4 {[%emt 0:01:23]} b5 {[%emt 0:11:41]} 12. cxb5 {[%emt 0:02:28]} Rxb5 {[%emt 0:04:55]} 13. Na3 {[%emt 0:00:32]} Rb8 {[%emt 0:00:55]} 14. Rfc1 {[%emt 0:06:01]} Nb4 {[%emt 0:08:41]} 15. Ng5 {[%emt 0:11:10]} Ba6 {[%emt 0:13:55]} 16. Be4 {[%emt 0:05:07]} h6 {[%emt 0:01:38]} 17. Nh7 {[%emt 0:17:40]} Re8 {[%emt 0:01:16]} 18. Nf6+ {[%emt 0:15:22]} gxf6 {[%emt 0:02:29]} 19. Qg4+ {[%emt 0:03:36]} Kh8 {[%emt 0:00:23]} 20. Bxh6 {[%emt 0:00:29]} Rg8 {[%emt 0:04:51]} 21. Qh5 {[%emt 0:00:20]} Rg6 {[%emt 0:01:17]} 22. Bf4+ {[%emt 0:06:35]} Kg7 {[%emt 0:08:29]} 23. Bxg6 {[%emt 0:00:11]} Qh8 {[%emt 0:01:15]} 24. exf6+ {[%emt 0:22:08]} Nxf6 {[%emt 0:00:32]} 25. Qe2 {[%emt 0:01:08]} Rc8 {[%emt 0:07:50]} 26. Be4 {[%emt 0:01:09]} Nxe4 {[%emt 0:00:09]} 27. Qxe4 {[%emt 0:00:05]} Nxd3 {[%emt 0:04:13]} 28. Rd1 {[%emt 0:01:11]} Nxf4 {[%emt 0:02:09]} 29. Qxf4 {[%emt 0:00:14]} Qh5 {[%emt 0:00:33]} 30. Rac1 {[%emt 0:00:27]} Qd5 {[%emt 0:00:35]} 31. f3 {[%emt 0:00:56]} Bf6 {[%emt 0:01:16]} 32. b3 {[%emt 0:00:22]} Be2 {[%emt 0:01:53]} 33. Rd2 {[%emt 0:00:44]} Qxf3 {[%emt 0:01:14]} 34. Qxf3 {[%emt 0:00:19]} Bxf3 {[%emt 0:00:03]} 35. Rf1 {[%emt 0:00:22]} Bh5 {[%emt 0:00:54]} 36. Rdf2 {[%emt 0:00:10]} d3 {[%emt 0:01:04]} 37. Rxf6 {[%emt 0:00:13]} d2 {[%emt 0:00:02]} 38. g4 {[%emt 0:00:04]} d1=Q {[%emt 0:01:29]} 39. Rxd1 {[%emt 0:00:15]} 1-0

[Event "POL-chT 2 Liga 2019"]
[Site "Poronin"]
[Date "2019.09.10"]
[Round "4.29"]
[White "Grochowski, Kosma"]
[Black "Kolasinski, Krzysztof"]
[Result "0-1"]
[WhiteElo "1903"]
[BlackElo "2104"]
[Annotator "NA"]
[PlyCount "78"]
[EventDate "2019.09.07"]
[EventType "team-tourn"]
[EventCountry "POL"]
[SourceTitle "playchess.com"]
[Source "ChessBase"]
[SourceQuality "1"]
[TimeControl "40/5400+30:1800+30"]

1. e4 {[%emt 0:00:00]} c5 {[%emt 0:00:00]} 2. Nf3 {[%emt 0:00:00]} Nc6 {[%emt 0:00:11]} 3. Bb5 {[%emt 0:00:12]} Nf6 {[%emt 0:00:17]} 4. e5 {[%emt 0:00:19]} Nd5 {[%emt 0:00:06]} 5. Nc3 {[%emt 0:00:20]} Nc7 {[%emt 0:00:06]} 6. Bxc6 {[%emt 0:00:10]} dxc6 {[%emt 0:00:05]} 7. h3 {[%emt 0:02:31]} Bf5 {[%emt 0:00:22]} 8. O-O {[%emt 0:03:56]} h6 {[%emt 0:00:10]} 9. Re1 {[%emt 0:02:04]} Qd7 {[%emt 0:00:55]} 10. Ne4 {[%emt 0:01:24]} Bxe4 {[%emt 0:07:56]} 11. Rxe4 {[%emt 0:00:10]} O-O-O {[%emt 0:00:24]} 12. e6 {[%emt 0:15:30]} Nxe6 {[%emt 0:03:45]} 13. Ne5 {[%emt 0:04:38]} Qd5 {[%emt 0:00:37]} 14. d3 {[%emt 0:03:07]} Qxe4 {[%emt 0:29:31]} 15. Nxf7 {[%emt 0:00:33]} Qf5 {[%emt 0:00:45]} 16. Nxh8 {[%emt 0:01:00]} g5 {[%emt 0:01:25]} 17. Qg4 {[%emt 0:43:26]} Qxg4 {[%emt 0:26:02]} 18. hxg4 {[%emt 0:00:01]} Bg7 {[%emt 0:00:18]} 19. Ng6 {[%emt 0:00:02]} Bf6 {[%emt 0:00:19]} 20. f4 {[%emt 0:00:01]} Nd4 {[%emt 0:01:10]} 21. Bd2 {[%emt 0:07:25]} Nxc2 {[%emt 0:02:00]} 22. Rc1 {[%emt 0:01:08]} Nb4 {[%emt 0:01:12]} 23. Bxb4 {[%emt 0:01:36]} cxb4 {[%emt 0:00:05]} 24. Rd1 {[%emt 0:02:45]} gxf4 {[%emt 0:08:19]} 25. Kf2 {[%emt 0:00:50]} Rg8 {[%emt 0:01:08]} 26. Nxf4 {[%emt 0:00:10]} Rxg4 {[%emt 0:00:03]} 27. Kf3 {[%emt 0:00:20]} Rg5 {[%emt 0:01:04]} 28. Rh1 {[%emt 0:03:29]} Ra5 {[%emt 0:00:41]} 29. Rxh6 {[%emt 0:04:10]} Rxa2 {[%emt 0:00:21]} 30. g4 {[%emt 0:00:37]} Rxb2 {[%emt 0:01:03]} 31. Ne6 {[%emt 0:00:59]} Kd7 {[%emt 0:05:00]} 32. Nc5+ {[%emt 0:00:18]} Ke8 {[%emt 0:01:09]} 33. Nxb7 {[%emt 0:02:29]} Rd2 {[%emt 0:00:17]} 34. Nc5 {[%emt 0:00:41]} b3 {[%emt 0:00:41]} 35. Rh1 {[%emt 0:00:30]} b2 {[%emt 0:03:24]} 36. Ke4 {[%emt 0:00:37]} Rc2 {[%emt 0:00:44]} 37. Nb3 {[%emt 0:00:17]} Rc3 {[%emt 0:01:43]} 38. Nd2 {[%emt 0:00:41]} Rc1 {[%emt 0:00:03]} 39. Rh5 {[%emt 0:00:18]} Rd1 {[%emt 0:01:05]} 0-1

[Event "POL-chT 2 Liga 2019"]
[Site "Poronin"]
[Date "2019.09.10"]
[Round "4.30"]
[White "Dmochowska, Agnieszka"]
[Black "Fraczek, Weronika"]
[Result "0-1"]
[WhiteElo "2110"]
[BlackElo "1875"]
[Annotator "NA"]
[PlyCount "62"]
[EventDate "2019.09.07"]
[EventType "team-tourn"]
[EventCountry "POL"]
[SourceTitle "playchess.com"]
[Source "ChessBase"]
[SourceQuality "1"]
[TimeControl "40/5400+30:1800+30"]

1. e4 {[%emt 0:00:00]} e5 {[%emt 0:00:00]} 2. Bc4 {[%emt 0:00:00]} Nc6 {[%emt 0:01:13]} 3. Nf3 {[%emt 0:00:00]} Bc5 {[%emt 0:00:26]} 4. d3 {[%emt 0:01:36]} Nf6 {[%emt 0:01:20]} 5. O-O {[%emt 0:00:19]} d6 {[%emt 0:01:13]} 6. c3 {[%emt 0:00:35]} Bg4 {[%emt 0:05:44]} 7. Nbd2 {[%emt 0:01:38]} a6 {[%emt 0:01:32]} 8. h3 {[%emt 0:09:49]} Bh5 {[%emt 0:01:44]} 9. Re1 {[%emt 0:01:50]} h6 {[%emt 0:04:42]} 10. Nf1 {[%emt 0:03:13]} g5 {[%emt 0:02:51]} 11. Ng3 {[%emt 0:06:20]} Bg6 {[%emt 0:02:49]} 12. d4 {[%emt 0:06:28]} Ba7 {[%emt 0:04:39]} 13. Bd5 {[%emt 0:07:35]} exd4 {[%emt 0:17:53]} 14. Bxc6+ {[%emt 0:18:01]} bxc6 {[%emt 0:00:11]} 15. e5 {[%emt 0:00:43]} dxe5 {[%emt 0:04:48]} 16. Nxe5 {[%emt 0:02:13]} O-O {[%emt 0:00:32]} 17. Nxc6 {[%emt 0:01:22]} Qd6 {[%emt 0:00:40]} 18. Ne7+ {[%emt 0:00:46]} Kh7 {[%emt 0:02:46]} 19. Ngf5 {[%emt 0:02:16]} Qd7 {[%emt 0:06:22]} 20. Qf3 {[%emt 0:11:53]} Ng8 {[%emt 0:10:51]} 21. h4 {[%emt 0:06:55]} Nxe7 {[%emt 0:07:27]} 22. Nxe7 {[%emt 0:01:01]} Rae8 {[%emt 0:02:25]} 23. h5 {[%emt 0:05:02]} Rxe7 {[%emt 0:05:06]} 24. hxg6+ {[%emt 0:02:40]} fxg6 {[%emt 0:00:13]} 25. Rxe7+ {[%emt 0:03:12]} Qxe7 {[%emt 0:00:06]} 26. Qb7 {[%emt 0:01:52]} Qe1+ {[%emt 0:02:45]} 27. Kh2 {[%emt 0:00:05]} Bb6 {[%emt 0:02:09]} 28. cxd4 {[%emt 0:01:56]} Qxf2 {[%emt 0:01:59]} 29. Qe4 {[%emt 0:04:07]} Bxd4 {[%emt 0:02:17]} 30. Bd2 {[%emt 0:00:53]} Qxd2 {[%emt 0:00:19]} 31. Qe7+ {[%emt 0:00:08]} Bg7 {[%emt 0:00:10]} 0-1

[Event "POL-chT 2 Liga 2019"]
[Site "Poronin"]
[Date "2019.09.10"]
[Round "4.31"]
[White "Maciejczak, Jakub"]
[Black "Psyk, Radoslaw"]
[Result "0-1"]
[WhiteElo "2383"]
[BlackElo "2314"]
[Annotator "TA"]
[PlyCount "80"]
[EventDate "2019.09.07"]
[EventType "team-tourn"]
[EventCountry "POL"]
[SourceTitle "playchess.com"]
[Source "ChessBase"]
[SourceQuality "1"]

{[%evp 9,80,20,25,14,16,7,15,6,8,13,24,12,4,12,15,8,44,36,114,67,99,39,43,22,68,40,54,60,36,0,0,0,0,0,0,0,0,-10,-20,-155,-153,-214,-202,-229,-225,-337,-233,-233,-231,-243,-235,-229,-221,-222,-212,-404,-393,-513,-513,-499,-478,-495,-487,-818,-763,-741,-741,-862,-846,-5489,-5158,-29977,-29976]} 1. c4 e5 2. Nc3 Nc6 3. g3 Bb4 4. Nd5 Bc5 5. Bg2 Nf6 6. d3 {A25: English Opening vs King's Indian with ...Nc6 but without early d3} (6. e3 d6 7. Ne2 a6 8. O-O O-O 9. b3 Bg4 10. h3 Bh5 11. Bb2 Nxd5 12. cxd5 Ne7 13. g4 Bg6 14. f4 Bd3 15. Rf2 {½-½ (55) Donchenko,A (2615)-Popov,I (2599) Riga 2019}) 6... Nxd5 7. cxd5 Qf6 8. e3 $146 {The position is equal.} ({Predecessor:} 8. Nf3 Nd4 9. O-O Nxf3+ 10. Bxf3 d6 {½-½ (10) Sande Edreira,J (2293)-Rizouk,A (2438) Mondariz 2007}) 8... Ne7 9. Ne2 d6 10. Nc3 Qg6 11. O-O O-O 12. Na4 Bb6 13. Nxb6 cxb6 (13... axb6 $14 14. e4 c6) 14. Qb3 Nf5 15. f3 ({White should try} 15. Qb4 $16) 15... h5 $14 16. Bd2 Bd7 17. Rac1 Rfc8 18. Rxc8+ Rxc8 19. Rc1 Rxc1+ 20. Bxc1 h4 21. g4 h3 $1 $36 {[%mdl 2048] Black fights for an advantage.} 22. Bxh3 Qh6 {[%mdl 64] [#] Double Attack} 23. gxf5 {Strongly threatening Bg4.} Qxh3 {[%mdl 64] Double Attack} 24. e4 (24. Qd1 $11) 24... Qxf3 $17 25. Qc4 (25. a4 $17) 25... Kh7 $19 26. b3 {[#]} f6 $1 27. a4 (27. h4 $142) 27... Be8 {aiming for ...Qd1+.} 28. Qc2 Bh5 29. Qd2 Bg4 {( -> ...Bh3)} 30. Qe3 Qd1+ 31. Kf2 Qxb3 32. Bd2 $2 (32. Kg3 {might work better.} Bd1 33. d4) 32... Qxa4 33. Qg3 Qd1 34. Bb4 Qc2+ 35. Kg1 Qb1+ 36. Kg2 (36. Qe1 $142 Qxd3 37. Qh4+ Kg8 38. Qxg4 Qb1+ 39. Kf2 Qxb4 40. Qh5) 36... Qxb4 37. Qxg4 Qd2+ 38. Kh3 Qxd3+ 39. Kh4 Kg8 40. Qg6 Qxe4+ {Accuracy: White = 37%, Black = 80%.} 0-1

[Event "POL-chT 2 Liga 2019"]
[Site "Poronin"]
[Date "2019.09.10"]
[Round "4.32"]
[White "Zochowski, Kacper"]
[Black "Dudzinski, Piotr"]
[Result "1-0"]
[WhiteElo "2267"]
[BlackElo "2355"]
[Annotator "TA"]
[PlyCount "35"]
[EventDate "2019.09.07"]
[EventType "team-tourn"]
[EventCountry "POL"]
[SourceTitle "playchess.com"]
[Source "ChessBase"]
[SourceQuality "1"]

{[%evp 25,35,15,8,18,4,0,20,0,0,0,291,297]} 1. Nf3 d5 2. c4 e6 3. g3 Nf6 4. Bg2 Be7 5. O-O O-O 6. b3 b6 7. Bb2 Bb7 8. e3 c5 9. Qe2 Nc6 10. d3 Qc7 11. Nc3 Rad8 12. Rfd1 dxc4 13. bxc4 Rd7 14. Ne1 {A14: English Opening: 1...e6 with b3 by White} (14. Rd2 Rfd8 15. Rad1 h6 16. Ne1 a6 17. Nc2 Na7 18. Bxb7 Qxb7 19. a4 Nc6 20. f4 Nh7 21. e4 Nd4 {0-1 (53) Epishin,V (2549)-Neyman,I (2285) Ditzingen 2017}) 14... Rfd8 15. f4 Na5 16. g4 Bxg2 17. Qxg2 $146 ({Predecessor:} 17. Nxg2 g6 18. Rac1 Nc6 19. Ne1 {1-0 (44) Rajdeep,S (2356)-Rounak,G (1473) Khalpara 2018}) 17... Nxc4 $2 {[%mdl 8192] [#]} (17... Qb7 $11) 18. dxc4 1-0